| 000 | 00510nam a2200181Ia 4500 | ||
|---|---|---|---|
| 008 | 180921t2009 xxu||||| |||| 00| 0 sin d | ||
| 041 | _asin | ||
| 080 |
_a61(1-82) _bYAP |
||
| 100 | _aYapa,Piyasiri Amilasith. | ||
| 245 | _aමහෞෂධ ගුණැති කහ | ||
| 246 | _aMahaushadeeya Gunethi Kaha | ||
| 260 |
_bBiographic Educational Publication _aNelundeniya _c2009 |
||
| 300 | _a119p,Pl., 21 cm | ||
| 650 | _aDrugs | ||
| 942 | _cBK | ||
| 999 |
_c17241 _d17241 |
||
| 003 | LK-CoDNM | ||
| 040 |
_aLK-CoDNM _dLK-CoDNM _eLK-CoDNM |
||